Multi-Category Letter Board III Quiz Stats

 Plays Quiz Updated Jun 24, 2017

Support Sporcle.
Go Orange.
Score 0/26 Timer 06:00
13 Plays Today
% Correct
Uranus
97.9%
Jupiter
97.8%
Saturn
97.5%
Quebec
91.6%
Verb
88.6%
Xenon
88.3%
Argon
83.5%
Monkey
74.5%
Ox
74.1%
Krypton
71.5%
Harry
67.8%
Goat
67.4%
Yoshi
60.5%
% Correct
Wario
60.2%
Exodus
56.5%
Leviticus
56.1%
Deuteronomy
55.2%
Conjunction
54.6%
Zayn
53.2%
Prince Edward Island
51%
Niall
49.9%
British Columbia
49.8%
Toad
46.8%
Interjection
41.7%
Francis
33.1%
Reese
25.4%

You're not logged in!

Compare scores with friends on all Sporcle quizzes.
OR
Log In
Forgot?

From the Vault

Two Clues: 'N' Words

by MSUKent

No nose knows like a gnome's nose knows.
Remove Ads.
Support Sporcle.
Get the best of Sporcle when you Go Orange. This ad-free experience offers more features, more stats, and more fun while also helping to support Sporcle. Thank you for becoming a member.

Show Comments

Extras

Top Quizzes Today


Score Distribution

Your Account Isn't Verified!

In order to create a playlist on Sporcle, you need to verify the email address you used during registration. Go to your Sporcle Settings to finish the process.

Report this User

Report this user for behavior that violates our Community Guidelines.

Details: